[Event "FIDE World Blitz 2013"]
[Site "Khanty-Mansiysk RUS"]
[Date "2013.06.09"]
[Round "4.12"]
[White "Georgiev,Ki"]
[Black "Gundavaa,B"]
[Result "1-0"]
[WhiteElo "2636"]
[BlackElo "2516"]

1.d4 Nf6 2.Bg5 Ne4 3.Bf4 c5 4.f3 Nf6 5.dxc5 Qa5+ 6.Nc3 Nc6 7.e4 Qxc5 8.Qd2 d6
9.O-O-O g6 10.Nd5 Nxd5 11.exd5 Ne5 12.Be3 Qc7 13.Bd4 Bf5 14.Bb5+ Kd8 15.g4 Bd7
16.Bxd7 Kxd7 17.f4 Nc4 18.Qb4 Rg8 19.Ne2 Rc8 20.Nc3 Bg7 21.Rhe1 Bxd4 22.Rxd4 Nb6
23.Re2 Qc5 24.Qxc5 Rxc5 25.Red2 f5 26.g5 h6 27.h4 hxg5 28.fxg5 Nc4 29.Re2 Ne5
30.Nd1 Rh8 31.Rf2 Ng4 32.Re2 Rxh4 33.Re6 Rh1 34.Rxg6 Ne3 35.c3 Rxd5 36.Rxd5 Nxd5
37.Kd2 Rh2+ 38.Ke1 Nf4 39.Rg8 Nd3+ 40.Kf1 Nxb2 41.Ne3 Nd3 42.g6 Rf2+ 43.Kg1 Rf3
44.Ng2 Rg3 45.Kh2 Rg5 46.Nh4 Ne5 47.Rb8 Nxg6 48.Nf3 Rh5+ 49.Kg3 Kc7 50.Rg8 Ne5
51.Nd4 Nc6 52.Ne6+ Kb6 53.Kf4 Rh3 54.c4 Ra3 55.Rg2 Ra4 56.Rb2+ Ka5 57.Rb5+  1-0

[Event "FIDE World Blitz 2013"]
[Site "Khanty-Mansiysk RUS"]
[Date "2013.06.09"]
[Round "16.10"]
[White "Ponkratov,P"]
[Black "Akopian,Vl"]
[Result "1-0"]
[WhiteElo "2605"]
[BlackElo "2691"]

1.d4 Nf6 2.Bg5 Ne4 3.Bf4 d5 4.f3 Nf6 5.Nc3 Bf5 6.e4 dxe4 7.Bc4 e6 8.Qe2 Bb4
9.O-O-O Bxc3 10.bxc3 O-O 11.Bg5 h6 12.fxe4 hxg5 13.exf5 exf5 14.Rf1 Re8 15.Qd3 f4
16.Nf3 Ne4 17.h4 Nc6 18.Nxg5 Nxg5 19.hxg5 Qxg5 20.Qh7+ Kf8 21.Rh5 Qg6 22.Qxg6 fxg6
23.Rxf4+ Ke7 24.Rh7 Rf8 25.Rxg7+ Kd6 26.Rxg6+ Ke7 27.Re4+ Kd7 28.Rg7+ Kd8
29.g4 a5 30.g5 a4 31.a3 Ra5 32.Be6 Ne7 33.c4 Nf5 34.Rd7+  1-0

[Event "FIDE World Blitz 2013"]
[Site "Khanty-Mansiysk RUS"]
[Date "2013.06.10"]
[Round "25.10"]
[White "Vitiugov,N"]
[Black "Akopian,Vl"]
[Result "1/2-1/2"]
[WhiteElo "2734"]
[BlackElo "2691"]

1.d4 Nf6 2.Bg5 Ne4 3.Bf4 d5 4.e3 Bf5 5.Bd3 e6 6.Ne2 Nd7 7.Nd2 Nxd2 8.Qxd2 Bxd3
9.Qxd3 c6 10.O-O Be7 11.e4 dxe4 12.Qxe4 O-O 13.c4 Qa5 14.Rfd1 Rad8 15.Qf3 Bf6
16.Qb3 Qb6 17.Be3 Qc7 18.Ng3 c5 19.d5 exd5 20.Rxd5 b6 21.Rad1 Nb8 22.Nh5 Be5
23.f4 Bd4 24.Bxd4 Rxd5 25.Qg3 f6 26.cxd5 cxd4 27.f5 Qxg3 28.Nxg3 Rd8 29.Rxd4 Nc6
30.Rd2 Nb4 31.d6 Nxa2 32.Ne4 Nb4 33.Rd4 Nc2 34.Ra4 Ne3 35.Rxa7 Nxf5 36.d7 h5
37.Rb7 Kf7 38.Ng3 Nxg3 39.hxg3 Ke7 40.Rxb6  1/2-1/2

[Event "17th Petr Izmailov"]
[Site "Tomsk RUS"]
[Date "2013.06.12"]
[Round "2.26"]
[White "Khlichkova,T"]
[Black "Monastyrev,S"]
[Result "1-0"]
[WhiteElo "2215"]
[BlackElo "1905"]

1.d4 Nf6 2.Bg5 Ne4 3.Bf4 b6 4.f3 Nd6 5.e4 e6 6.Nc3 Bb7 7.Qd2 Be7 8.O-O-O a6
9.Bd3 Nc6 10.Nge2 Nb4 11.e5 Nxd3+ 12.Qxd3 Nf5 13.d5 Nh4 14.g4 Ng6 15.Bg3 Bg5+
16.Kb1 b5 17.f4 Be7 18.f5 Nf8 19.Nf4 b4 20.Ne4 c5 21.Nh5 Ng6 22.d6 Bh4 23.fxg6 hxg6
24.Nf4 Bxg3 25.hxg3 Rg8 26.Rh4 Rc8 27.Rdh1 f5 28.exf6 Kf7 29.Ng5+ Kf8 30.Nxg6+  1-0

[Event "Zonal 3.4 Women 2013"]
[Site "Osh KGZ"]
[Date "2013.06.14"]
[Round "8"]
[White "Nasriddinzoda,M"]
[Black "Atabayeva,O"]
[Result "1-0"]
[WhiteElo "2017"]
[BlackElo "1994"]

1.d4 Nf6 2.Bg5 Ne4 3.Bh4 d5 4.f3 Nd6 5.Nc3 Nc4 6.Qc1 h6 7.e4 c6 8.Bxc4 dxc4
9.Nge2 g5 10.Bf2 Bg7 11.O-O e6 12.e5 O-O 13.Ne4 Nd7 14.f4 g4 15.N2g3 f5 16.Nd6 b5
17.a4 a6 18.a5 Qc7 19.b4 Nb8 20.h3 gxh3 21.gxh3 Bd7 22.Nh5 Be8 23.Nxg7 Kxg7
24.Kh2 Kh7 25.Qd1 Nd7 26.Rg1 Bg6 27.Ra3 Rg8 28.Rag3 Rg7 29.h4 Rag8 30.h5 Bf7
31.Rxg7+ Rxg7 32.Rxg7+ Kxg7 33.Qg1+ Kf8 34.Nxf7 Kxf7 35.Qg6+ Kf8 36.Qxh6+ Kg8
37.Qxe6+ Kh8 38.Qe8+ Kh7 39.Qf7+ Kh8 40.h6  1-0

[Event "Portuguese Masters"]
[Site "Sintra POR"]
[Date "2013.06.14"]
[Round "7.4"]
[White "Reis,Luis So"]
[Black "Santos,AntonioP"]
[Result "0-1"]
[WhiteElo "2232"]
[BlackElo "2255"]

1.d4 Nf6 2.Bg5 Ne4 3.Bf4 c5 4.f3 Qa5+ 5.c3 Nf6 6.d5 Qb6 7.Be5 d6 8.Bxf6 gxf6
9.Qc2 Bh6 10.Nd2 O-O 11.e3 e6 12.Bd3 exd5 13.Bxh7+ Kg7 14.O-O-O Nc6 15.Ne2 Rh8
16.Bf5 Be6 17.Nf4 Bxf4 18.exf4 Rac8 19.g4 Nb4 20.Qb1 Qa6 21.cxb4 cxb4+ 22.Bc2 d4
23.f5 Bxa2  0-1

[Event "8th Teplice Open 2013"]
[Site "Teplice CZE"]
[Date "2013.06.18"]
[Round "4.42"]
[White "Thestrup,S"]
[Black "Frijling,J"]
[Result "1-0"]
[WhiteElo "2137"]
[BlackElo "1826"]

1.d4 Nf6 2.Bg5 Ne4 3.h4 Nxg5 4.hxg5 d5 5.e3 c5 6.dxc5 e6 7.g6 fxg6 8.Bd3 Qf6
9.Nc3 Bd7 10.Qg4 e5 11.Bb5 d4 12.Nd5 Qd8 13.Qe6+ Be7 14.Bxd7+ Nxd7 15.Nf3 Nf6
16.e4 Qd7 17.Nxe5 Qxe6 18.Nc7+ Kf8 19.Nxe6+ Kg8 20.O-O-O Nxe4 21.Rxd4 Nxc5
22.Nxc5 Bxc5 23.Rd7 Re8 24.Nf7 b5 25.Nxh8 Kxh8 26.f3 Kg8 27.Kd1 Re7 28.Rxe7 Bxe7
29.Ke2 Bf6 30.c3 a5 31.Rd1 b4 32.cxb4 axb4 33.a4 Bxb2 34.a5  1-0

[Event "12th TCh-BIH Prem"]
[Site "Sarajevo BIH"]
[Date "2013.06.20"]
[Round "6.3"]
[White "Bogosavljevic,B"]
[Black "Indjic,A"]
[Result "0-1"]
[WhiteElo "2548"]
[BlackElo "2536"]

1.d4 Nf6 2.Bg5 Ne4 3.Bf4 e5 4.Bxe5 Nc6 5.Nd2 d5 6.Nxe4 dxe4 7.e3 Nxe5 8.dxe5 Qxd1+
9.Rxd1 g6 10.f4 exf3 11.gxf3 Bg7 12.f4 f6 13.Nf3 fxe5 14.Nxe5 Bxe5 15.fxe5 Rf8
16.h4 Rf5 17.h5 Rxh5 18.Rxh5 gxh5 19.Be2 Bf5 20.Bxh5+ Ke7 21.Rd4 Rg8 22.Bf3 b6
23.Rc4 c5 24.Ra4 a5 25.Rf4 Bxc2 26.Bd5 Rf8 27.Rh4 Bg6 28.e4 Rf3 29.Ke2 Rg3
30.Rf4 Rg5 31.Ke3 Rxe5 32.Rf3 Rh5 33.a4 Rh2 34.Kf4 Rxb2 35.Ke5 Rb4 36.Bc6 Be8
37.Bd5 Bg6 38.Bc6 Be8 39.Bd5 Rxa4 40.Rf6 Rb4 41.Re6+ Kf8 42.Kd6 Bg6 43.Rf6+ Kg7
44.e5 Rd4 45.Kc6 c4 46.Rf3 Rd3 47.Rf1 c3 48.Bc4 Rd4  0-1

[Event "8th Teplice Open 2013"]
[Site "Teplice CZE"]
[Date "2013.06.21"]
[Round "7.6"]
[White "Vavra,P1"]
[Black "Babula,V"]
[Result "1/2-1/2"]
[WhiteElo "2364"]
[BlackElo "2581"]

1.d4 Nf6 2.Bg5 Ne4 3.Bf4 c5 4.f3 Nf6 5.dxc5 b6 6.e4 bxc5 7.Nc3 Nc6 8.Bb5 Bb7
9.Nge2 g6 10.Ng3 Nd4 11.Ba4 Bg7 12.e5 Nh5 13.Nxh5 gxh5 14.Qd2 Bxf3 15.O-O Bb7
16.Nb5 Ne6 17.Bh6 Bxh6 18.Qxh6 Rg8 19.Rf2 Qb6 20.Qe3 O-O-O 21.Rd1 Rg7 22.Nc3 Nd4
23.b4 Rdg8 24.Ne4 Rxg2+ 25.Rxg2 Rxg2+ 26.Kxg2 Qg6+ 27.Kf2 Bxe4 28.Bxd7+ Kxd7
29.bxc5 Qg2+ 30.Ke1 Qh1+ 31.Kd2 Qg2+ 32.Ke1 Qh1+ 33.Kd2 Qxh2+ 34.Ke1 Qh1+
35.Kd2 Qg2+ 36.Ke1 Qh1+ 37.Kd2 Qh2+ 38.Ke1 Qh1+  1/2-1/2

[Event "66th ch-RUS HL"]
[Site "Yekaterinburg RUS"]
[Date "2013.06.21"]
[Round "2.4"]
[White "Grachev,B"]
[Black "Panarin,M"]
[Result "1-0"]
[WhiteElo "2683"]
[BlackElo "2565"]

1.d4 Nf6 2.Bg5 Ne4 3.Bf4 d5 4.e3 c5 5.Bd3 cxd4 6.exd4 Nc6 7.Bxe4 dxe4 8.Ne2 e5
9.Bxe5 Nxe5 10.dxe5 Qxd1+ 11.Kxd1 Bg4 12.Nd2 O-O-O 13.Ke1 Rd5 14.Nc4 Rc5
15.Ne3 Bd7 16.Rd1 Rxe5 17.Kd2 Bc5 18.Kc1 Rd8 19.h4 h5 20.Nf4 Bg4 21.Rxd8+ Kxd8
22.Kd2 Bd7 23.Ke2 Bb5+ 24.c4 Bxe3 25.Kxe3 Bxc4 26.Kd4 Rf5 27.Kxe4 Ra5 28.Rd1+ Ke8
29.a3 Bb5 30.Ke5 Bc6+ 31.Kd6 Kd8 32.g3 g6 33.Re1 Rb5 34.b4 a5 35.Rd1 axb4
36.axb4 Rf5 37.Re1 Rb5 38.Ra1 Bd7 39.Ra8+ Bc8 40.Nd5 f6 41.f4  1-0

[Event "6th Sveins Memorial"]
[Site "Oslo NOR"]
[Date "2013.06.24"]
[Round "6"]
[White "Svensen,T"]
[Black "MacArthur,J"]
[Result "1-0"]
[WhiteElo "2094"]
[BlackElo "2013"]

1.d4 Nf6 2.Bg5 Ne4 3.Bf4 d5 4.e3 c5 5.Bd3 cxd4 6.Bxe4 dxe4 7.exd4 Nc6 8.Ne2 Bg4
9.Nbc3 e6 10.O-O Bd6 11.Qd2 Bxe2 12.Nxe2 Bxf4 13.Qxf4 Nxd4 14.Nxd4 Qxd4 15.Rfd1 Qc5
16.Qxe4 O-O 17.Rd7 Qc6 18.Qxc6 bxc6 19.Rad1 Rfc8 20.Kf1 Kf8 21.Rb7 Rcb8 22.Rdd7 Rxb7
23.Rxb7 a5 24.Ke2 Ke8 25.c4 a4 26.Ke3 e5 27.Ke4 Ra5 28.Rc7 Rc5 29.Kd3 a3
30.b4  1-0

[Event "9th Prague Festival IM"]
[Site "Prague CZE"]
[Date "2013.06.24"]
[Round "3.5"]
[White "Cech,P"]
[Black "Tuma,Ja"]
[Result "1/2-1/2"]
[WhiteElo "2405"]
[BlackElo "2303"]

1.d4 Nf6 2.Bg5 Ne4 3.Bf4 c5 4.f3 Nf6 5.dxc5 Qa5+ 6.Nc3 Qxc5 7.e4 d6 8.Qd2 Nc6
9.O-O-O Be6 10.Nge2 g6 11.Kb1 Bg7 12.Bh6 Bxh6 13.Qxh6 O-O-O 14.Nf4 Nd4 15.Nd3 Qb6
16.Qd2 Kb8 17.Nf4 Nc6 18.Nfd5 Bxd5 19.Nxd5 Nxd5 20.Qxd5 e6 21.Qb5 Qf2 22.Qe2 Qc5
23.Qb5 Qf2 24.Qe2 Qc5 25.Qb5  1/2-1/2

[Event "Geneva Open A 2013"]
[Site "Geneva SUI"]
[Date "2013.06.26"]
[Round "3.8"]
[White "Gerber,R"]
[Black "Bagri,J"]
[Result "0-1"]
[WhiteElo "2416"]
[BlackElo "2131"]

1.d4 Nf6 2.Bg5 Ne4 3.Bf4 c5 4.f3 Qa5+ 5.c3 Nf6 6.d5 Qb6 7.e4 Qxb2 8.Nd2 Qxc3
9.Bc4 d6 10.Ne2 Qa5 11.Rb1 Nbd7 12.O-O g6 13.Bg3 Bh6 14.f4 O-O 15.Rb5 Qc7
16.e5 Nh5 17.Bh4 Nb6 18.Rxb6 axb6 19.Nc3 Nxf4 20.Nb5 Qd7 21.exd6 g5 22.Bg3 exd6
23.Ne4 Qe7 24.Re1 Bd7 25.Nxc5 Qd8 26.Nxb7 Qf6 27.N7xd6 Qb2 28.Bxf4 gxf4 29.Nd4 Kh8
30.Bb3 Bg7 31.Nf3 Qf6 32.Nc4 Bg4 33.h3 Bxf3 34.Qxf3 Rae8 35.Rd1 b5 36.Nd2 Re3
37.Qg4 Rg3 38.Qe2 Re3 39.Qg4 Bh6 40.Nf1 Rc3 41.Nh2 Rg8 42.d6 f3 43.d7 Be3+
44.Kh1 Bb6 45.Qxf3 Rxf3 46.Nxf3 Rd8 47.Rd5 Bc7  0-1

[Event "4th ch-Vojvodina Int"]
[Site "Novi Sad SRB"]
[Date "2013.06.28"]
[Round "1.7"]
[White "Milicevic,Dragan"]
[Black "Nestorovic,N"]
[Result "0-1"]
[WhiteElo "1941"]
[BlackElo "2405"]

1.d4 Nf6 2.Bg5 Ne4 3.Bf4 c5 4.f3 Qa5+ 5.c3 Nf6 6.e4 cxd4 7.Qxd4 Nc6 8.Qc4 d5
9.exd5 Nxd5 10.Bc1 e5 11.b4 Qd8 12.Na3 Be6 13.Bd2 Ne3 14.Qe2 Nxf1 15.Qxf1 a5
16.b5 Bxa3 17.bxc6 bxc6 18.Qe2 O-O 19.Qe3 Qd6 20.Qe2 Rab8 21.Bc1 Rfd8 22.Nh3 Bxh3
23.gxh3 Bc5 24.Bg5 Rd7 25.Qc2 h6 26.Bh4 Qd3 27.Qxd3 Rxd3 28.Bf2 Bxf2+ 29.Kxf2 Rb2+
30.Kg3 Rdd2  0-1

[Event "4th ch-Vojvodina Int"]
[Site "Novi Sad SRB"]
[Date "2013.06.28"]
[Round "2.1"]
[White "Drazic,S"]
[Black "Popov,J"]
[Result "1-0"]
[WhiteElo "2463"]
[BlackElo "2185"]

1.d4 Nf6 2.Bg5 Ne4 3.Bf4 d5 4.f3 Nf6 5.Nc3 c6 6.e4 dxe4 7.fxe4 Bg4 8.Qd2 e6
9.h3 Bh5 10.g4 Bg6 11.Bg2 Bb4 12.Qe3 Qa5 13.Ne2 Nbd7 14.O-O-O O-O 15.a3 Be7
16.Kb1 b5 17.Nc1 Qb6 18.e5 Nd5 19.Nxd5 cxd5 20.h4 Rac8 21.Rd2 b4 22.a4 Qc6
23.Qb3 Nb6 24.h5 Be4 25.g5 Nc4 26.Bxe4 Nxd2+ 27.Bxd2 dxe4 28.g6 e3 29.gxf7+ Kh8
30.d5 exd5 31.Bxb4 Bxb4 32.Qxb4 Qxc2+ 33.Ka2 Qc4+ 34.Qxc4 Rxc4 35.Nd3 Rxa4+
36.Kb3 Re4 37.Ra1 Rb8+ 38.Kc2 Rc4+ 39.Kd1 Rc7 40.e6 Re7 41.Ra6 d4 42.Rd6 h6
43.Nf4 Reb7 44.Rxd4 Rxb2 45.e7  1-0

[Event "4th AIMAG Men"]
[Site "Incheon KOR"]
[Date "2013.07.01"]
[Round "2.23"]
[White "Ahn,Sungmin"]
[Black "Lee Sanghoon"]
[Result "0-1"]
[WhiteElo "1776"]
[BlackElo "2153"]

1.d4 Nf6 2.Bg5 Ne4 3.Bf4 c5 4.d5 d6 5.f3 Qa5+ 6.c3 Nf6 7.e4 g6 8.Na3 Bg7
9.Bb5+ Bd7 10.Bxd7+ Nbxd7 11.Qd2 Nh5 12.Be3 Ne5 13.Ne2 Qa6 14.O-O-O b5 15.Kb1 Rb8
16.f4 b4 17.fxe5 bxa3 18.b3 Bxe5 19.Kc2 Nf6 20.c4 Nxe4 21.Qd3 f5 22.Bh6 Qa5
23.Rhf1 Nf6 24.Bg7 Rg8 25.Bxf6 Bxf6 26.Qd2 Qxd2+ 27.Rxd2 a5 28.Rb1 Rb4 29.Rd3 Be5
30.Nc3 Bxc3 31.Rxc3 Kf7 32.Re1 Rgb8 33.Rce3 R8b7 34.Rh3 Kg7 35.Ree3 a4 36.Rc3 h5
37.Rhe3 Kf7 38.h4 Rb8 39.Kc1 axb3 40.axb3 Ra8 41.Kb1 a2+ 42.Ka1 Ra3 43.g3 Rb7
44.Rcd3 g5 45.Rc3 gxh4 46.gxh4 f4 47.Re4 Rbxb3 48.Rxf4+ Kg6 49.Rxb3 Rxb3
50.Kxa2 Rg3 51.Re4 Kf7 52.Rf4+ Ke8 53.Rf5 Rg4 54.Rxh5 Rxc4 55.Kb3 Rd4 56.Kc3 Kf7
57.Rh7+ Kf6 58.Rh5 Kg6 59.Rg5+ Kh6  0-1

[Event "Avoin SM 2013"]
[Site "Naantali FIN"]
[Date "2013.07.01"]
[Round "1.18"]
[White "Raivio,E"]
[Black "Demidov,Jan"]
[Result "0-1"]
[WhiteElo "1755"]
[BlackElo "1913"]

1.d4 Nf6 2.Bg5 Ne4 3.Bf4 d5 4.f3 Nd6 5.e3 g6 6.c3 Bg7 7.Bd3 O-O 8.Ne2 f6
9.Qb3 c6 10.e4 e5 11.Bg3 Be6 12.Nd2 Qe7 13.Qc2 Nd7 14.b4 f5 15.O-O dxe4 16.fxe4 f4
17.Bf2 g5 18.Nf3 Bg4 19.h3 Bxf3 20.gxf3 h5 21.dxe5 Bxe5 22.Bd4 g4 23.Bxe5 Nxe5
24.hxg4 hxg4 25.fxg4 Qh4 26.Nxf4 Rxf4 27.Rxf4 Qg3+ 28.Kh1 Qxf4 29.Qb3+ Kg7
30.Qe6 Rh8+  0-1

[Event "11th Niki Open 2013"]
[Site "Nachod CZE"]
[Date "2013.07.02"]
[Round "4.30"]
[White "Kuru,M"]
[Black "Vacek,Jaroslav"]
[Result "1-0"]
[WhiteElo "1834"]
[BlackElo "1711"]

1.d4 Nf6 2.Bg5 Ne4 3.Bh4 g6 4.f3 Nd6 5.e4 b6 6.Bd3 Ba6 7.Ne2 Bxd3 8.Qxd3 Bg7
9.O-O O-O 10.Nd2 c6 11.c3 Qe8 12.f4 f5 13.e5 Nc8 14.c4 d5 15.Rac1 e6 16.cxd5 cxd5
17.Rc7 Rf7 18.Rfc1 Rxc7 19.Rxc7 Nc6 20.Qb5 N8e7 21.Bxe7 Nxe7 22.Qxe8+ Rxe8
23.Rxa7 Bf8 24.Rc7 Rc8 25.Rxc8 Nxc8 26.Kf2 Na7 27.Ke3 Kf7 28.Kd3 Ke7 29.a4 Kd7
30.Nc3 Bb4 31.Nf3 Be7 32.Ne1 h5 33.Nc2 Nc6 34.Na2 Kc7 35.b4 Kd7 36.Kc3 Kc7
37.Nc1 Kb7 38.Nb3 Bf8 39.b5 Na5 40.Nxa5+ bxa5 41.Kd3 Be7 42.Ke3 Kb6 43.Kf3 Kb7
44.h3 Kb6 45.g4 hxg4+ 46.hxg4 Bb4 47.gxf5 gxf5 48.Nxb4 axb4 49.Ke3  1-0

[Event "IsBank TCh-TUR 2013"]
[Site "Denizli TUR"]
[Date "2013.07.03"]
[Round "5.10"]
[White "Karatiken,Seray"]
[Black "Temel,Burcu Melis"]
[Result "0-1"]
[WhiteElo "1277"]
[BlackElo "1693"]

1.d4 Nf6 2.Bg5 Ne4 3.Bf4 d5 4.e3 c5 5.c3 Nc6 6.Nd2 Nxd2 7.Qxd2 cxd4 8.exd4 Bf5
9.Bd3 Bxd3 10.Qxd3 e6 11.Nf3 Bd6 12.Bxd6 Qxd6 13.O-O h6 14.Rfe1 O-O 15.Ne5 a6
16.Nxc6 Qxc6 17.Qd2 b5 18.Re3 Rab8 19.Rg3 Kh8 20.Re1 b4 21.cxb4 Qa4 22.a3 Rbc8
23.Rc3 Rb8 24.Qc2 Qb5 25.h3 Qb6 26.Qd2 a5 27.Rb3 axb4 28.Rxb4 Qa5 29.Qc3 Rbc8
30.Qb3 Rc4 31.Rd1 Rc6 32.Qa4 Qc7 33.Rd2 Rc8 34.Qb3 Qf4 35.Rd1 Rc1 36.g3 Qf5
37.Kg2 Qe4+ 38.Kg1 R8c2  0-1

[Event "41st TCh-GRE"]
[Site "Rio (Achaia) GRE"]
[Date "2013.07.04"]
[Round "3.3"]
[White "Rozakis,D"]
[Black "Azis,A"]
[Result "1-0"]
[WhiteElo "2076"]
[BlackElo "2227"]

1.d4 Nf6 2.Bg5 Ne4 3.h4 d5 4.Nd2 Bf5 5.Ngf3 c6 6.c3 Qb6 7.Qb3 Nd7 8.Nxe4 Bxe4
9.Nd2 Bf5 10.Bf4 h6 11.e3 e6 12.Be2 Be7 13.g4 Bg6 14.h5 Bh7 15.Rg1 Qxb3 16.axb3 f6
17.b4 Kf7 18.Nb3 e5 19.Bg3 Bd8 20.Kd2 Re8 21.b5 Re7 22.f4 Be4 23.fxe5 fxe5
24.Bh4 Nf6 25.Rgf1 exd4 26.Nxd4 c5 27.Nf5 Re6 28.Bg3 Kg8 29.Nd6 Bc7 30.Rxf6 Rxf6
31.Nxe4 dxe4 32.Bxc7 Rf2 33.Ke1 Raf8 34.Rxa7 Rg2 35.Bf4  1-0

[Event "11th Niki Open 2013"]
[Site "Nachod CZE"]
[Date "2013.07.05"]
[Round "7.14"]
[White "Kuru,M"]
[Black "Lorenc,To1"]
[Result "0-1"]
[WhiteElo "1834"]
[BlackElo "2085"]

1.d4 Nf6 2.Bg5 Ne4 3.Bh4 c5 4.f3 g5 5.fxe4 gxh4 6.e3 Qb6 7.Nc3 Nc6 8.Nf3 Qxb2
9.Nd5 Nb4 10.Nxb4 Qxb4+ 11.Kf2 h3 12.g3 cxd4 13.exd4 d5 14.Rb1 Qd6 15.e5 Qc7
16.Bb5+ Bd7 17.e6 fxe6 18.Ne5 O-O-O 19.Bxd7+ Rxd7 20.Nxd7 Kxd7 21.Qd3 Bh6
22.Rhf1 a6 23.Qb3 b5 24.Ke2 Rc8 25.Kd3 Qa5 26.c3 Rc4 27.Rf7 e5 28.Rd1 exd4
29.cxd4 Qb6 30.Qb2 Qg6+  0-1

[Event "VIII Wroclaw Open A 2013"]
[Site "Wroclaw POL"]
[Date "2013.07.06"]
[Round "6.6"]
[White "Kulas,S"]
[Black "Siembab,B"]
[Result "0-1"]
[WhiteElo "2029"]
[BlackElo "2258"]

1.d4 Nf6 2.Bg5 Ne4 3.Bf4 c5 4.f3 Nf6 5.d5 d6 6.e4 e5 7.dxe6 fxe6 8.Nc3 a6
9.Qd2 d5 10.exd5 exd5 11.O-O-O d4 12.Ne4 Nxe4 13.fxe4 Be6 14.Kb1 Be7 15.Nf3 O-O
16.h4 Nc6 17.g3 h6 18.Be2 Qe8 19.h5 Rd8 20.Nh4 Bxh4 21.gxh4 Bxa2+ 22.Ka1 Nb4
23.b3 d3 24.cxd3 Bxb3 25.Rb1 Qa4+ 26.Kb2 Qa2+ 27.Kc1 Rxf4  0-1

[Event "11th Niki Open 2013"]
[Site "Nachod CZE"]
[Date "2013.07.07"]
[Round "9.12"]
[White "Novotny,M1"]
[Black "Cieslak,L"]
[Result "1-0"]
[WhiteElo "2293"]
[BlackElo "1995"]

1.d4 Nf6 2.Bg5 Ne4 3.Bf4 c5 4.f3 Nf6 5.d5 d6 6.e4 g6 7.Qd2 Nh5 8.Bg5 h6 9.Be3 Bg7
10.c4 Na6 11.Nc3 Nc7 12.O-O-O Bd7 13.g4 Nf6 14.e5 dxe5 15.Bxc5 O-O 16.Be3 Kh7
17.g5 hxg5 18.h4 g4 19.h5 Nxh5 20.Bd3 Kg8 21.Bh6 e6 22.fxg4 Nf4 23.Qh2 f5
24.Bxg7 Nxd3+ 25.Rxd3 Qg5+ 26.Kb1 Kxg7 27.Nf3 Qxg4 28.Qxe5+  1-0

[Event "Styrian Open A 2013"]
[Site "Bad Gleichenberg AUT"]
[Date "2013.07.08"]
[Round "3.17"]
[White "Vatter,H"]
[Black "Dragnev,Valentin"]
[Result "1-0"]
[WhiteElo "2301"]
[BlackElo "1912"]

1.d4 Nf6 2.Bg5 Ne4 3.Bf4 c5 4.f3 Nf6 5.d5 d6 6.e4 g6 7.c4 Bg7 8.Nc3 O-O 9.Qd2 e6
10.dxe6 Bxe6 11.Bxd6 Re8 12.Bxc5 Qc8 13.Be3 Bxc4 14.Bxc4 Qxc4 15.Nge2 Nc6
16.O-O Red8 17.Qc1 Nb4 18.Rd1 Nd3 19.Qc2 b5 20.a3 Nc5 21.Rxd8+ Rxd8 22.Rd1 Rd7
23.Rxd7 Nfxd7 24.Qd2 a6 25.Qd5 Qxd5 26.exd5 Nd3 27.b4 N7e5 28.d6 Bf8 29.Ne4 f5
30.Nc5 Bxd6 31.Nxa6 Nc4 32.Bc5 Be5 33.Bd4 Bd6 34.Nc5 Ne1 35.Nb7 Bb8 36.Nc3 Nxa3
37.Nd5 Nec2 38.Bc5 Be5 39.f4 Bb2 40.Nd6 h6 41.Kf1 Bd4 42.Ke2 Bxc5 43.bxc5 Nd4+
44.Kd3 Nc6 45.Kc3 Kf8 46.Kb3 Nb1 47.Kc2 Na3+ 48.Kb2 b4 49.g3 Na7 50.Kb3 Nb1
51.Nxb4 Nd2+ 52.Ka4 Ke7 53.Ka5 Kd7 54.Kb6 Nc8+ 55.Nxc8 Kxc8 56.Nd5  1-0

[Event "19th JCL Summer Masters 2013"]
[Site "Montpellier FRA"]
[Date "2013.07.09"]
[Round "3.10"]
[White "Youssoupov,M"]
[Black "Kurayan,R"]
[Result "1/2-1/2"]
[WhiteElo "2146"]
[BlackElo "2413"]

1.d4 Nf6 2.Bg5 Ne4 3.Bf4 c5 4.f3 Nf6 5.d5 Qb6 6.Bc1 e6 7.c4 Bd6 8.Nc3 a6
9.e4 Qc7 10.Nh3 Be5 11.Ne2 exd5 12.cxd5 d6 13.Nf2 O-O 14.f4 Bd4 15.Nxd4 cxd4
16.Qxd4 Re8 17.Bd3 Nbd7 18.O-O Qc5 19.Be3 Nxd5 20.Qxc5 dxc5 21.Bd2 Nc7 22.a4 b6
23.e5 Bb7 24.Ne4 Red8 25.Nd6 Bd5 26.Bc3 Ne8 27.Nf5 c4 28.Bc2 Nc5  1/2-1/2

[Event "ch-BEL Open 2013"]
[Site "Antwerp BEL"]
[Date "2013.07.10"]
[Round "5.11"]
[White "Vanhee,F"]
[Black "Gorshkova,I"]
[Result "1/2-1/2"]
[WhiteElo "1966"]
[BlackElo "2134"]

1.d4 Nf6 2.Bg5 Ne4 3.Bf4 d5 4.e3 e6 5.Nd2 Bd6 6.Nxe4 Bxf4 7.exf4 dxe4 8.f3 exf3
9.Nxf3 Nc6 10.c3 Bd7 11.Bd3 h6 12.Qd2 Qf6 13.O-O Ne7 14.Ne5 O-O-O 15.a4 Nf5
16.Bb5 Be8 17.Qf2 Kb8 18.Bxe8 Rhxe8 19.a5  1/2-1/2

[Event "2nd FE Acqui Terme A 2013"]
[Site "Acqui Terme ITA"]
[Date "2013.07.11"]
[Round "6.1"]
[White "Rombaldoni,D"]
[Black "Aghayev,M"]
[Result "1-0"]
[WhiteElo "2484"]
[BlackElo "2299"]

1.d4 Nf6 2.Bg5 Ne4 3.h4 c5 4.d5 Qb6 5.Nd2 Nxd2 6.Bxd2 Qxb2 7.Nf3 Qb6 8.e4 d6
9.Rb1 Qc7 10.Bc3 Nd7 11.Bb5 a6 12.Bxd7+ Bxd7 13.Ng5 e5 14.dxe6 Bxe6 15.Nxe6 fxe6
16.Qh5+ Kd8 17.Rh3 b5 18.Rf3 Ra7 19.Rd1 Qc6 20.Qg4 Qe8 21.e5 b4 22.exd6 bxc3
23.Qg5+ Kd7 24.Qxc5 Rb7 25.Rxc3 Qb8 26.Qc6+ Kd8 27.Qc7+  1-0

[Event "V4 Int Open ch-SVK 2013"]
[Site "Banska Stiavnica SVK"]
[Date "2013.07.11"]
[Round "6.67"]
[White "Feldvabl,Vilem"]
[Black "Topolovsky,V"]
[Result "0-1"]
[WhiteElo "1794"]
[BlackElo "1952"]

1.d4 Nf6 2.Bg5 Ne4 3.Bh4 c5 4.f3 Qa5+ 5.c3 g5 6.fxe4 gxh4 7.Nf3 Bg7 8.e3 d6
9.Qb3 O-O 10.Qb5 Qc7 11.Bd3 b6 12.Qb3 e5 13.d5 Qe7 14.Qc2 h3 15.Rg1 Kh8 16.Qf2 f5
17.Nbd2 f4 18.O-O-O Bh6 19.exf4 Bxf4 20.g3 Bh6 21.Kb1 Nd7 22.Qe2 Nf6 23.Nh4 Bg4
24.Ndf3 Qc7 25.Rdf1 Rae8 26.Qe1 c4 27.Bc2 Bd7 28.Rf2 Ng4 29.Re2 Re7 30.Nf5 Bxf5
31.exf5 Qc5 32.Be4 b5 33.b4 cxb3 34.axb3 Rc7 35.Kb2 Rfc8 36.c4 bxc4 37.b4 c3+
38.Kc2 Qxb4 39.Qb1 Qa4+ 40.Qb3 Ne3+  0-1

[Event "Universiade Men"]
[Site "Kazan RUS"]
[Date "2013.07.11"]
[Round "4.21"]
[White "Nguyen Van Hai"]
[Black "Nestorovic,N"]
[Result "1-0"]
[WhiteElo "2353"]
[BlackElo "2461"]

1.d4 Nf6 2.Bg5 Ne4 3.Bf4 e5 4.Bxe5 Nc6 5.Nd2 d5 6.c3 Nxe5 7.Nxe4 dxe4 8.dxe5 Qxd1+
9.Rxd1 Be6 10.a3 Bb3 11.Rd2 e3 12.fxe3 Bc5 13.Kf2 O-O 14.Nf3 Rae8 15.g3 f6
16.e6 Bxe6 17.Bg2 c6 18.Nd4 Bc4 19.e4 Bf7 20.Rhd1 Bg6 21.b4 Bb6 22.Kf1 Bxe4
23.Bxe4 Rxe4 24.Nf5 g6 25.Nd6 Re7 26.c4 Be3 27.Rd3 b6 28.Kg2 f5 29.Kf3 Bg5
30.e3 Re5 31.a4 Rd8 32.h4 Be7 33.Ke2 Kf8 34.Kf3 Re6 35.c5 bxc5 36.bxc5 Rb8
37.e4 Re5 38.exf5 gxf5 39.Kf4 Bf6 40.Nxf5 Rb4+ 41.Nd4 Rxc5 42.Kf3 Kf7 43.Ne2 Rxa4
44.Rd7+ Be7 45.Nf4 Re5 46.Rc7 Ra3+ 47.Kg4 Ree3 48.Nh5 c5 49.Rdd7 a5 50.Rxc5 a4
51.Ra7 Ra1 52.Rf5+ Ke8 53.Ng7+ Kd8 54.Rd5+ Kc8 55.Nf5 Re4+ 56.Kf3 Rae1 57.Nxe7+ Rxe7
58.Rxa4 Rc1 59.Kg4 Rc3 60.Kh3 Rg7 61.Rg4 Rf7 62.Rgg5 Rcc7 63.Kg4 Rc3 64.Kh5 Re3
65.Rd4 Re6 66.Rc5+ Kb7 67.Rb4+ Ka6 68.Rc8 Re5+ 69.Kg4 h5+ 70.Kh3 Ka7 71.Rc1 Ra5
72.Rcc4 Rd5 73.Rc1 Ra5 74.Rcb1 Rff5 75.Rb7+ Ka8 76.Rg7 Rae5 77.Rd1 Re8 78.Rg5 Rxg5
79.hxg5 Re4 80.Rb1 Rg4 81.Rb5 Ka7 82.g6 Rxg6 83.Rxh5 Kb6 84.Rd5 Kc6 85.Rd3 Rg8
86.g4 Rh8+ 87.Kg3 Rg8 88.Kf4 Rf8+ 89.Ke5 Rg8 90.Kf5 Rf8+ 91.Ke6 Rg8 92.Rc3+ Kb7
93.Rg3 Kc7 94.g5 Re8+ 95.Kf7 Re1 96.Rd3 Rf1+ 97.Kg7  1-0

[Event "V4 Int Open ch-SVK 2013"]
[Site "Banska Stiavnica SVK"]
[Date "2013.07.14"]
[Round "9.61"]
[White "Toma,Ru"]
[Black "Adamciak,Tomas"]
[Result "1/2-1/2"]
[WhiteElo "2068"]
[BlackElo "1853"]

1.d4 Nf6 2.Bg5 Ne4 3.Bf4 e6 4.f3 Bb4+ 5.c3 Bd6 6.Bxd6 Nxd6 7.e4 f5 8.e5 Nf7
9.Bd3 b6 10.Nd2 Bb7 11.Ne2 g5 12.Qc2 Nc6 13.O-O-O Qe7 14.Qa4 O-O-O 15.Ba6 d6
16.exd6 Qxd6 17.Nc4 Qd5 18.Ne3 Qd7 19.Bb5 a6 20.Bxa6 Na5 21.Qxd7+ Rxd7 22.Bxb7+ Kxb7
23.d5 exd5 24.Nxf5 Re8 25.Neg3 Ne5 26.Kc2 Ng6 27.b3 Nf4 28.Rd2 Nc6 29.h4 gxh4
30.Rxh4 Ng6 31.Rh6 Nce5 32.c4 c6 33.cxd5 cxd5 34.Nd4 Rc8+ 35.Kb2 Nf4 36.a4 Ned3+
37.Ka3 Rc1 38.Rh1 Rdc7 39.Rdd1 Rxd1 40.Rxd1 Rc1 41.Rxc1 Nxc1 42.Kb2 Ncd3+
43.Kc3 Ne1 44.Nge2 Nexg2 45.Nxf4 Nxf4 46.Kd2 Kc7 47.Ke3 Ng2+ 48.Kf2 Nf4 49.Ke3 Ng2+  1/2-1/2